000
00349nam a2200145Ia 4500
008
230718s9999 xx 000 0 und d
041
_a
Eng.
082
_a
655.04
_b
WES-M
100
_a
Westcott, Rusell T
245
0
_a
Manger of Quality organiza
260
_a
Pakistan
_b
oxford comives Prev
_c
2006
300
_a
648
650
_a
Law
999
_c
26570
_d
26570